| 000 | 00506nam a2200181Ia 4500 | ||
|---|---|---|---|
| 003 | 0100 | ||
| 008 | 130303s9999 xx 000 0 und d | ||
| 040 | _cARRUPELIB | ||
| 050 | _aP95.82.P79 1971 | ||
| 245 | _aPastoral Instruction for the Application of the Decree of the Second Vatican Ecu | ||
| 260 | _aLondon | ||
| 260 | _bCatholic Truth Society | ||
| 260 | _C1971 | ||
| 300 | _a67p. | ||
| 300 | _b 23 cm. | ||
| 440 | _aPontifical Commission for the means of social communications | ||
| 942 | 0 | 0 | _01 |
| 999 |
_c32895 _d32895 |
||